ARRUPE JESUIT UNIVERSITY

CORONAVIRUS -STOP THE SPREAD - CLEAN,DISINFECT,COVER

Bryozoan evolution / (Record no. 122404)

MARC details
000 -LEADER
fixed length control field 01171pam a2200301 a 4500
001 - CONTROL NUMBER
control field 597759
003 - CONTROL NUMBER IDENTIFIER
control field ARRUPE
005 - DATE AND TIME OF LATEST TRANSACTION
control field 20150416152027.0
008 - FIXED-LENGTH DATA ELEMENTS--GENERAL INFORMATION
fixed length control field 910425r19911989ilua b 001 0 eng
010 ## - LIBRARY OF CONGRESS CONTROL NUMBER
LC control number 91018758
020 ## - INTERNATIONAL STANDARD BOOK NUMBER
International Standard Book Number 0226560473 (pbk.)
040 ## - CATALOGING SOURCE
Original cataloging agency DLC
Transcribing agency DLC
Modifying agency DLC
050 10 - LIBRARY OF CONGRESS CALL NUMBER
Classification number QE798
Item number .M35 1991
082 00 - DEWEY DECIMAL CLASSIFICATION NUMBER
Classification number 564/.7
Edition number 20
300 ## - PHYSICAL DESCRIPTION
Other physical details ill. ;
Dimensions 24 cm.
100 1# - MAIN ENTRY--PERSONAL NAME
Personal name McKinney, Frank K.
Fuller form of name (Frank Kenneth)
9 (RLIN) 16206
245 10 - TITLE STATEMENT
Title Bryozoan evolution /
Statement of responsibility, etc Frank K. McKinney and Jeremy B.C. Jackson.
250 ## - EDITION STATEMENT
Edition statement University of Chicago Press ed.
260 ## - PUBLICATION, DISTRIBUTION, ETC. (IMPRINT)
Place of publication, distribution, etc Chicago :
Name of publisher, distributor, etc University of Chicago Press,
Date of publication, distribution, etc 1991.
300 ## - PHYSICAL DESCRIPTION
Extent xii, 238 p. :
500 ## - GENERAL NOTE
General note Reprint. Originally published: Boston : Unwin & Hyman, 1989. Originally published in series: Special topics in palaeontology ; 2.
504 ## - BIBLIOGRAPHY, ETC. NOTE
Bibliography, etc Includes bibliographical references (p. [213]-232) and index.
650 #0 - SUBJECT ADDED ENTRY--TOPICAL TERM
Topical term or geographic name as entry element Bryozoa, Fossil.
9 (RLIN) 16207
650 #0 - SUBJECT ADDED ENTRY--TOPICAL TERM
Topical term or geographic name as entry element Evolution.
9 (RLIN) 16208
700 1# - ADDED ENTRY--PERSONAL NAME
Personal name Jackson, Jeremy B. C.,
Dates associated with a name 1942-
9 (RLIN) 16209
906 ## - LOCAL DATA ELEMENT F, LDF (RLIN)
a 7
b cbc
c orignew
d 1
e ocip
f 19
g y-gencatlg
942 ## - ADDED ENTRY ELEMENTS (KOHA)
Source of classification or shelving scheme Library of Congress Classification
Koha item type Monograph ( Printed materials)
Holdings
Withdrawn status Lost status Source of classification or shelving scheme Damaged status Not for loan Collection code Home library Current library Shelving location Date acquired Total Checkouts Full call number Barcode Date last seen Price effective from Koha item type
    Library of Congress Classification     Main Collection ARRUPE LIBRARY ARRUPE LIBRARY Main Collection 11/03/2015   QE798 .M35 1991 46500002741 02/07/2019 11/03/2015 Monograph ( Printed materials)

 

Arrupe Library. PO Box MP320 Mt Pleasant, Harare, Zimbabwe
263 242 745411|librarian@aju.ac.zw